El mundo de las matemáticas 4. (Record no. 85512)
[ view plain ]
| 000 -CABECERA | |
|---|---|
| campo de control de longitud fija | 01304ngm a2200241 a 4500 |
| 005 - FECHA Y HORA DE LA ÚLTIMA TRANSACCIÓN | |
| campo de control | 20241106063716.0 |
| 008 - ELEMENTOS DE LONGITUD FIJA--INFORMACIÓN GENERAL | |
| campo de control de longitud fija | 010917s2000 mx r 000 0 spa d |
| 035 ## - NÚMERO DE CONTROL DEL SISTEMA | |
| Número de control de sistema | UPN01000111604 |
| 049 ## - COLECCIÓN | |
| Colección | AV |
| 099 ## - CLASIFICACIÓN LOCAL | |
| Clasificación local | PVI QA 0993 |
| 245 03 - MENCIÓN DE TÍTULO | |
| Título | El mundo de las matemáticas 4. |
| 260 ## - PUBLICACIÓN, DISTRIBUCIÓN, ETC. | |
| Lugar de publicación, distribución, etc. | México : |
| Nombre del editor, distribuidor, etc. | ILCE, |
| Fecha de publicación, distribución, etc. | [199-]. |
| 300 ## - DESCRIPCIÓN FÍSICA | |
| Extensión | 1 videocasete (VHS) (70 min.) : |
| Otras características físicas | son., col. |
| 500 ## - NOTA GENERAL | |
| Nota general | Producido en E.U. por la Enciclopedia Británica |
| 505 8# - NOTA DE CONTENIDO CON FORMATO PREESTABLECIDO | |
| Nota de contenido con formato | Contiene: Una medida de belleza -- Embotellamiento de tránsito -- El valor del rostro -- Una incansable búsqueda -- Panorama de cálculos -- Un argumento circular -- Picos gemelos -- Un suelo tembloroso |
| 520 ## - NOTA DE RESUMEN, ETC. | |
| Sumario, etc. | Ejemplar en el que se puede apreciar la aplicación de las matemáticas al arte escultórico, asi como a los problemas de tráfico. Se muestran las formas para la reconstrucción de cráneos humanos. El problema de la contaminación del aire y un pronóstico estadístico de su desarrollo. El uso de las hojas de cálculo en problemas reales; el empleo de la triangulación para medir distancias y alturas; y sobre los terremotos |
| 650 #4 - ASIENTO SECUNDARIO DE MATERIA - TERMINO TEMATICO | |
| Término de materia o nombre geográfico como elemento de entrada | Probabilidades |
| 9 (RLIN) | 8417 |
| 650 #4 - ASIENTO SECUNDARIO DE MATERIA - TERMINO TEMATICO | |
| Término de materia o nombre geográfico como elemento de entrada | Geometría |
| 9 (RLIN) | 5328 |
| 650 #2 - ASIENTO SECUNDARIO DE MATERIA - TERMINO TEMATICO | |
| Término de materia o nombre geográfico como elemento de entrada | Medición |
| 9 (RLIN) | 10585 |
| 650 #4 - ASIENTO SECUNDARIO DE MATERIA - TERMINO TEMATICO | |
| Término de materia o nombre geográfico como elemento de entrada | GEOGRAFIA MATEMATICA |
| 9 (RLIN) | 10966 |
| 650 #2 - ASIENTO SECUNDARIO DE MATERIA - TERMINO TEMATICO | |
| Término de materia o nombre geográfico como elemento de entrada | Sismos |
| 9 (RLIN) | 10965 |
| 905 ## - TIPO DE MATERIAL | |
| Tipo de material | Audiovisuales |
| Estado de retiro | Estado de pérdida | Fuente del sistema de clasificación o colocación | Estado dañado | No para préstamo | Código de colección | Localización permanente | Ubicación/localización actual | Ubicación en estantería | Total de préstamos | Clasificación | Código de barras | Fecha visto por última vez | Número de copia | Tipo de ítem Koha |
|---|---|---|---|---|---|---|---|---|---|---|---|---|---|---|
| Library of Congress Classification | Audiovisuales | Bib. Gregorio Torres Quintero | Bib. Gregorio Torres Quintero | Audiovisual | PVI QA 0993 | 172289 | 31/12/2020 | 1 | Videocasete |
